Personnages de fiction à la retraite - Statistiques

Statistiques générales
  • Ce quiz a été pris 14 fois
  • Le résultat moyen est 2 sur 10
Statistiques - réponses
Description+Univers Personnage % Correct
Il était le second du Roi des PIrates Gol D.Roger (One Piece) Rayleigh
62%
Il vit entre la maison de retraite de Springfieldet la maison de son fils Homer (Les Simpson) Abraham Simpson
46%
Il a laissé son poste de Maître de la Guildeà Gildarts, qui lui a rendu, avant qu'Erza le récupère (Fairy Tail) Makarov
46%
Il était le Pilier du Son(Demon Slayer) Tengen
38%
Il a été Maître de la Ligue d'Unys(Pokémon) Goyah
15%
Il a formé Midoriya à maîtriser au mieuxle One For All (My Hero Academia) Gran Torino
15%
Il a accroché des ballons à sa maison pour la faire s'envoler (La-Haut) Carl Fredricksen
8%
Il a fait partie des meilleurs médecins de l'hôpital Grey Sloan, et considérait Meredith comme sa fille (Grey's Anatomy) Richard Webber
8%
Il était un des leaders des Avengers,mais a préféré remonter dans le temps pour vivre la vie qu'il n'avait pas pu avoir (Avengers) Captain America
0%
Elle a décidé de léguer son pouvoir, l'ondeastrale, à celui qui remportera les épreuves qu'elle a concoctées (Yu Yu Hakusho) Genkai
0%
Aucun quiz correspondant
Distribution des résultats
% des personnes avec chaque résultat
Percentile par nombre de réponses
Votre historique - résultats
Vous n’avez pas pris ce quiz